Statistiques concernant Personnalités politiques françaises n°7

Cliquez ici pour prendre le quiz!

Statistiques générales

  • Ce quiz a été pris 1 348 fois
  • Le résultat moyen est 8 sur 20

Statistiques - réponses

Réponse% Correct
Jean Castex
94%
Éric Dupond-Moretti
90%
Élisabeth Borne
88%
Éric Ciotti
85%
Gabriel Attal
80%
Robert Badinter
52%
Raphaël Glucksmann
51%
François Baroin
42%
Bruno Retailleau
33%
Barbara Pompili
24%
Harlem Désir
23%
Nicolas Bay
22%
Henri Guaino
17%
Corinne Lepage
11%
Thierry Breton
11%
Esther Benbassa
10%
François Rebsamen
10%
Gérard Filoche
10%
Michèle Rubirola
8%
Chantal Jouanno
7%

Distribution des résultats

Percentile par nombre de réponses

% des personnes avec chaque résultat

Votre développement - résultats

Vous n’avez pas pris ce quiz